Home Print Resources E-Books E-Journals IIMT Lecture Series Library Membership Form Book Recommendation Form Campus Tour Take AdmissionAbout Us Contact Us

T.B.OF PHARMACEUTICAL PACKAGING TECH. (Record no. 15535)

000 -LEADER
fixed length control field 00376nam a2200157Ia 4500
003 - CONTROL NUMBER IDENTIFIER
control field OSt
005 - DATE AND TIME OF LATEST TRANSACTION
control field 20231221055103.0
008 - FIXED-LENGTH DATA ELEMENTS--GENERAL INFORMATION
fixed length control field 170617s9999 xx 000 0 und d
020 ## - INTERNATIONAL STANDARD BOOK NUMBER
International Standard Book Number 9788123919874
040 ## - CATALOGING SOURCE
Transcribing agency IIMT UNIVERSITY
100 ## - MAIN ENTRY--PERSONAL NAME
Personal name KAUSHIK -ATUAL
245 #0 - TITLE STATEMENT
Title T.B.OF PHARMACEUTICAL PACKAGING TECH.
260 ## - PUBLICATION, DISTRIBUTION, ETC.
Name of publisher, distributor, etc. NEW DELHI- CBS
260 ## - PUBLICATION, DISTRIBUTION, ETC.
Date of publication, distribution, etc. 2011
942 ## - ADDED ENTRY ELEMENTS (KOHA)
Source of classification or shelving scheme
Koha item type Text-Book- for 7 days
Holdings
Withdrawn status Lost status Source of classification or shelving scheme Damaged status Not for loan Home library Current library Date acquired Source of acquisition Cost, normal purchase price Barcode Date last seen Price effective from Koha item type Total Checkouts
          IIMT University College of Medical Sciences IIMT University College of Medical Sciences 06/23/2017 3 350.00 02-B-7117 06/23/2017 06/23/2017 Reference Book  
          IIMT University College of Medical Sciences IIMT University College of Medical Sciences 06/23/2017 3 350.00 02-B-7118 06/23/2017 06/23/2017 Text-Book- for 7 days  
          IIMT University College of Medical Sciences IIMT University College of Medical Sciences 06/23/2017 3 350.00 02-B-7119 06/23/2017 06/23/2017 Text-Book- for 7 days  
          IIMT University College of Medical Sciences IIMT University College of Medical Sciences 06/23/2017 3 350.00 02-B-7120 06/23/2017 06/23/2017 Text-Book- for 7 days  
          IIMT University College of Medical Sciences IIMT University College of Medical Sciences 06/23/2017 3 350.00 02-B-7121 06/23/2017 06/23/2017 Text-Book- for 7 days  
          IIMT University College of Medical Sciences IIMT University College of Medical Sciences 06/23/2017 3 350.00 02-B-7122 06/23/2017 06/23/2017 Text-Book- for 7 days  
          IIMT University College of Medical Sciences IIMT University College of Medical Sciences 06/23/2017 3 350.00 02-B-7123 06/23/2017 06/23/2017 Text-Book- for 7 days  
          IIMT University College of Medical Sciences IIMT University College of Medical Sciences 06/23/2017 3 350.00 02-B-7124 06/23/2017 06/23/2017 Text-Book- for 7 days  
          IIMT University College of Medical Sciences IIMT University College of Medical Sciences 06/23/2017 3 350.00 02-B-7125 06/23/2017 06/23/2017 Text-Book- for 7 days  
          IIMT University College of Medical Sciences IIMT University College of Medical Sciences 06/23/2017 3 350.00 02-B-7126 06/23/2017 06/23/2017 Text-Book- for 7 days  
IIMT, Central Library. All Rights Reserved IIMT,UNIVERSITY © 2023
Implemented and Customised by I CLOUDE EMS
You Are OPAC Visitor No
free web counter

Powered by Koha